[Event "Silver Lake Open-A 2019"]
[Site "Veliko Gradiste"]
[Date "2019.06.19"]
[Round "5.10"]
[White "Pimpalkhare Vedant"]
[Black "Stojanovic, Mihajlo"]
[Result "1/2-1/2"]
[WhiteElo "2067"]
[BlackElo "2503"]
[Annotator "ChessBase"]
[PlyCount "44"]
[EventDate "2019.06.16"]
[EventType "swiss"]
[EventCountry "SRB"]
[SourceTitle "playchess.com"]
[Source "ChessBase"]
[SourceQuality "1"]
[TimeControl "40/5400+30:900+30"]

1. Nf3 {[%emt 0:00:00]} d5 {[%emt 0:08:38]} 2. g3 {[%emt 0:00:03]} c5 {[%emt 0:02:09]} 3. Bg2 {[%emt 0:01:39]} Nc6 {[%emt 0:00:12]} 4. d4 {[%emt 0:01:44]} Nf6 {[%emt 0:00:31]} 5. O-O {[%emt 0:01:13]} e6 {[%emt 0:00:05]} 6. c4 {[%emt 0:01:57]} dxc4 {[%emt 0:00:05]} 7. dxc5 {[%emt 0:00:42]} Qxd1 {[%emt 0:00:07]} 8. Rxd1 {[%emt 0:00:03]} Bxc5 {[%emt 0:00:07]} 9. Nbd2 {[%emt 0:02:02]} c3 {[%emt 0:00:07]} 10. bxc3 {[%emt 0:00:04]} O-O {[%emt 0:00:06]} 11. Nb3 {[%emt 0:06:21]} Be7 {[%emt 0:00:09]} 12. Bb2 {[%emt 0:12:02]} Bd7 {[%emt 0:06:24]} 13. c4 {[%emt 0:05:34]} Rfd8 {[%emt 0:08:31]} 14. Ne5 {[%emt 0:04:18]} Rac8 {[%emt 0:00:17]} 15. Nxd7 {[%emt 0:05:03]} Nxd7 {[%emt 0:00:07]} 16. Rac1 {[%emt 0:02:51]} b6 {[%emt 0:07:02]} 17. e3 {[%emt 0:09:48]} Kf8 {[%emt 0:18:39]} 18. Bf1 {[%emt 0:08:12]} g6 {[%emt 0:11:55]} 19. Be2 {[%emt 0:06:20]} Nc5 {[%emt 0:02:49]} 20. Nxc5 {[%emt 0:02:10]} Bxc5 {[%emt 0:00:22]} 21. Rxd8+ {[%emt 0:02:51]} Rxd8 {[%emt 0:01:23]} 22. Rd1 {[%emt 0:00:09]} Rxd1+ {[%emt 0:03:00]} 1/2-1/2

[Event "Silver Lake Open-A 2019"]
[Site "Veliko Gradiste"]
[Date "2019.06.20"]
[Round "6.1"]
[White "Zakhartsov, Viacheslav V."]
[Black "Radovanovic, Mihajlo"]
[Result "0-1"]
[WhiteElo "2518"]
[BlackElo "2483"]
[Annotator "ChessBase"]
[PlyCount "80"]
[EventDate "2019.06.16"]
[EventType "swiss"]
[EventCountry "SRB"]
[SourceTitle "playchess.com"]
[Source "ChessBase"]
[SourceQuality "1"]
[TimeControl "40/5400+30:900+30"]

1. d4 {[%emt 0:00:00]} Nf6 {[%emt 0:00:00]} 2. c4 {[%emt 0:00:00]} g6 {[%emt 0:00:00]} 3. Nc3 {[%emt 0:00:00]} Bg7 {[%emt 0:00:00]} 4. e4 {[%emt 0:00:00]} d6 {[%emt 0:00:02]} 5. Nf3 {[%emt 0:00:00]} O-O {[%emt 0:00:22]} 6. Be2 {[%emt 0:00:00]} e5 {[%emt 0:00:10]} 7. O-O {[%emt 0:00:05]} Na6 {[%emt 0:00:11]} 8. Be3 {[%emt 0:00:15]} c6 {[%emt 0:00:06]} 9. d5 {[%emt 0:00:10]} Ng4 {[%emt 0:00:30]} 10. Bg5 {[%emt 0:00:30]} f6 {[%emt 0:00:30]} 11. Bh4 {[%emt 0:00:30]} c5 {[%emt 0:00:30]} 12. Ne1 {[%emt 0:00:30]} Nh6 {[%emt 0:00:30]} 13. a3 {[%emt 0:04:53]} Bd7 {[%emt 0:00:00]} 14. Nd3 {[%emt 0:06:25]} Qc8 {[%emt 0:03:50]} 15. f3 {[%emt 0:04:44]} Nf7 {[%emt 0:01:45]} 16. Rb1 {[%emt 0:03:51]} b6 {[%emt 0:04:23]} 17. b4 {[%emt 0:04:44]} f5 {[%emt 0:00:48]} 18. b5 {[%emt 0:09:35]} Nc7 {[%emt 0:00:12]} 19. exf5 {[%emt 0:00:16]} gxf5 {[%emt 0:00:18]} 20. Qc2 {[%emt 0:00:45]} Qe8 {[%emt 0:06:23]} 21. Kh1 {[%emt 0:01:19]} Nh8 {[%emt 0:00:29]} 22. f4 {[%emt 0:03:59]} e4 {[%emt 0:04:01]} 23. Nf2 {[%emt 0:05:36]} Ng6 {[%emt 0:12:30]} 24. Bh5 {[%emt 0:01:11]} Qf7 {[%emt 0:00:28]} 25. Nfd1 {[%emt 0:12:48]} Ne8 {[%emt 0:07:22]} 26. Be1 {[%emt 0:02:28]} Nf6 {[%emt 0:01:07]} 27. Be2 {[%emt 0:00:09]} h5 {[%emt 0:01:15]} 28. h4 {[%emt 0:04:56]} Ng4 {[%emt 0:03:31]} 29. Bxg4 {[%emt 0:00:35]} fxg4 {[%emt 0:00:07]} 30. g3 {[%emt 0:00:29]} e3 {[%emt 0:09:52]} 31. Nxe3 {[%emt 0:01:14]} Bd4 {[%emt 0:00:50]} 32. Ncd1 {[%emt 0:00:47]} Rae8 {[%emt 0:02:12]} 33. Qd3 {[%emt 0:04:20]} Ne7 {[%emt 0:03:46]} 34. Bc3 {[%emt 0:03:43]} Nf5 {[%emt 0:09:09]} 35. Nc2 {[%emt 0:00:32]} Qf6 {[%emt 0:03:32]} 36. Nxd4 {[%emt 0:13:11]} cxd4 {[%emt 0:00:06]} 37. Bd2 {[%emt 0:00:30]} Nxh4 {[%emt 0:02:24]} 38. gxh4 {[%emt 0:02:22]} Qxh4+ {[%emt 0:01:11]} 39. Kg2 {[%emt 0:01:04]} Bf5 {[%emt 0:00:11]} 40. Qg3 {[%emt 0:00:00]} Re2+ {[%emt 0:00:00]} 0-1

[Event "Silver Lake Open-A 2019"]
[Site "Veliko Gradiste"]
[Date "2019.06.20"]
[Round "6.2"]
[White "Strikovic, Aleksa"]
[Black "Georgiev, Kiril"]
[Result "1-0"]
[WhiteElo "2503"]
[BlackElo "2591"]
[Annotator "TA"]
[PlyCount "135"]
[EventDate "2019.06.16"]
[EventType "swiss"]
[EventCountry "SRB"]
[SourceTitle "playchess.com"]
[Source "ChessBase"]
[SourceQuality "1"]

{[%evp 17,135,10,9,2,0,0,19,25,36,29,19,16,36,26,285,279,292,135,158,152,166,156,177,169,210,189,216,218,212,224,320,314,306,143,140,150,150,147,143,146,152,151,151,143,143,148,156,152,145,136,181,13,17,0,164,125,190,192,198,37,24,0,196,111,178,108,95,0,177,182,196,175,183,169,190,172,186,172,169,119,287,286,288,240,422,423,794,789,830,444,444,0,844,837,913,423,1773,1751,1469,1011,1018,1014,1003,995,987,969,949,799,805,793,820,820,806,753,1591,1542,1436,696,1460,1409]} 1. Nf3 Nf6 2. b3 g6 3. Bb2 Bg7 4. g3 O-O 5. Bg2 d6 6. d4 c5 7. O-O cxd4 8. Nxd4 d5 9. c4 dxc4 10. Na3 {A49: 1 d4 Nf6 2 Nf3 g6 3 g3: Anti-King's Indian systems} cxb3 11. Qxb3 Na6 12. Nc4 {The position is equal.} Rb8 $146 ({Predecessor:} 12... Nc5 13. Qa3 Nfd7 14. Rac1 a6 15. Rfd1 Rb8 16. Ne3 Qb6 17. Bc3 e5 {1-0 (30) Kurajica,B (2550)-Strikovic,A (2465) La Coruna 1993}) 13. Rfd1 {[%mdl 1024] White has compensation.} Bd7 14. Qa3 Qc7 15. Rac1 Rfe8 $2 {[%mdl 8192]} (15... Rfd8 $11 {and Black stays safe.}) 16. Nb3 $1 $18 Qd8 17. Nca5 (17. Nba5 $18 {and White stays clearly on top.} Nc7 18. Nxb7) 17... Bf8 $16 18. Be5 $1 (18. Nxb7 $6 Qb6 $14) 18... Qb6 19. Qb2 {Threatens to win with Bxf6.} Bh6 20. e3 $1 {Hoping for Bxf6.} Bg4 21. Rd4 (21. Bxb8 $6 Bxd1 22. Bxa7 (22. Rxd1 Rxb8 23. Qe5 Bf8 $11) 22... Qxa7 $16) 21... Rbc8 22. Nc4 (22. Bxb7 Rxc1+ 23. Qxc1 Be6 $14) 22... Qe6 {Threatening ...b5.} 23. Bxf6 exf6 (23... Qxf6 $142 24. Bxb7 (24. Rxg4 Rxc4 25. Qxf6 Rxc1+ 26. Nxc1 exf6 $11) 24... Bf5 25. Bxc8 Rxc8) 24. Bd5 $18 ({But not} 24. Bxb7 Bf8 $18) 24... Qe7 {[#]} 25. Rxg4 (25. Nd6 $1 $18 {[%mdl 512]} Be6 (25... Qxd6 26. Bxf7+) 26. Rxc8 Rxc8 27. Bxe6 (27. Bxb7 Rd8 $14) 27... Qxe6 28. Nxc8 Qxc8 29. Qd2) 25... f5 $16 26. Rd4 {Black must now prevent Nd6!} Bg7 27. Qd2 {Strongly threatening Nd6.} Bxd4 28. exd4 Red8 29. Bf3 $1 Qb4 30. Qg5 Rd7 31. Ne5 Rxc1+ 32. Qxc1 Rc7 33. Qf4 Qd6 34. Na5 $2 (34. Kg2 $18) 34... Qb4 $11 35. Nb3 (35. Nxb7 $11 Rxb7 36. Bxb7 Qxb7 37. g4) 35... Qd6 $1 $18 36. h4 h5 (36... Nb4 $16 {was called for.} 37. Nxg6 Qxf4 38. Nxf4 Nxa2) 37. Kg2 Kg7 38. Na5 $2 ({White should try} 38. d5 $18) 38... Qb4 $14 39. Nb3 $2 (39. Nac4 $11 Rxc4 40. a3 (40. Nxc4 Qxc4 41. Bxb7 Qb5 $14)) 39... Qd6 $1 $18 40. Qd2 (40. d5 $18) 40... Qb4 (40... Nb4 $16) 41. Qg5 (41. Qe2 $18) 41... Qe7 $16 42. Qd2 (42. Qxe7 $16 {Intending Nd7 and mate.} Rxe7 43. a3) 42... Qb4 $1 $18 {[#]} 43. Qe2 $1 Qd6 44. Nd3 Nb8 45. Nf4 $36 {[%mdl 2048] Keeping Black busy.} Nd7 46. Nd5 Rc8 47. Na5 b6 48. Qa6 Re8 $2 (48... Rc1 $16 {is a better defense.}) 49. Nc4 Qb8 50. Qa3 Re6 $2 (50... b5 {was worth a try.}) 51. Nf4 Re8 (51... Re1 $142 52. Ne3 Nf6) 52. Nd6 Re1 53. Qc3 {And now Nxf5+! would win.} Re7 54. Qa3 (54. Qb4 $142 Qf8 55. Bd5) 54... Re1 55. Qb4 {White is clearly winning.} Rc1 {[#]} 56. Qd2 (56. Nxf5+ $142 $1 {[%mdl 512]} gxf5 57. Qe7) 56... Rc7 {[#]} (56... Qxd6 $142 57. Qxc1 Nf6) 57. Nxh5+ $1 {[%mdl 512]} Kg8 (57... gxh5 58. Nxf5+) 58. Qg5 Qf8 59. Nxf5 Kh7 60. Ne3 f6 61. Qf4 Rc8 62. g4 f5 63. Ng3 fxg4 64. Qxg4 Nf6 65. Qg5 Re8 66. h5 Qg7 67. Bc6 (67. Ng4 $142 Nxg4 68. Bxg4) 67... Rf8 68. Ng4 {Accuracy: White = 61%, Black = 54%.} 1-0

[Event "Silver Lake Open-A 2019"]
[Site "Veliko Gradiste"]
[Date "2019.06.20"]
[Round "6.3"]
[White "Nestorovic, Dejan"]
[Black "Ernst, Sipke"]
[Result "0-1"]
[WhiteElo "2339"]
[BlackElo "2541"]
[Annotator "RC"]
[PlyCount "78"]
[EventDate "2019.06.16"]
[EventType "swiss"]
[EventCountry "SRB"]
[SourceTitle "playchess.com"]
[Source "ChessBase"]
[SourceQuality "1"]
[TimeControl "40/5400+30:900+30"]

1. d4 {[%emt 0:00:00]} Nf6 {[%emt 0:00:00]} 2. c4 {[%emt 0:00:00]} c5 {[%emt 0:00:00]} 3. d5 {[%emt 0:00:00]} e6 {[%emt 0:00:00]} 4. Nc3 {[%emt 0:00:00]} exd5 {[%emt 0:00:00]} 5. cxd5 {[%emt 0:00:00]} d6 {[%emt 0:00:00]} 6. Nf3 {[%emt 0:00:00]} g6 {[%emt 0:00:00]} 7. Bg5 {[%emt 0:00:04]} h6 {[%emt 0:00:59]} 8. Bh4 {[%emt 0:00:10]} g5 {[%emt 0:00:03]} 9. Bg3 {[%emt 0:00:09]} Nh5 {[%emt 0:00:05]} 10. e3 {[%emt 0:01:48]} Nxg3 {[%emt 0:07:52]} 11. hxg3 Bg7 12. Nd2 {[%emt 0:03:57]} Nd7 {[%emt 0:00:27]} 13. Qc2 {[%emt 0:01:58]} Qe7 {[%emt 0:01:00]} 14. Nc4 {[%emt 0:26:11]} O-O {[%emt 0:02:03]} 15. a4 {[%emt 0:13:37]} f5 {[%emt 0:07:57]} 16. Be2 {[%emt 0:25:04]} Ne5 {[%emt 0:01:00]} 17. Nxe5 {[%emt 0:10:06]} Qxe5 {[%emt 0:00:06]} 18. Qd2 {[%emt 0:00:15]} f4 {[%emt 0:10:12]} 19. gxf4 {[%emt 0:00:07]} gxf4 {[%emt 0:00:04]} 20. e4 {[%emt 0:01:38]} a6 {[%emt 0:05:41]} 21. Ra3 {[%emt 0:03:11]} Bd7 {[%emt 0:02:27]} 22. a5 {[%emt 0:00:52]} Rab8 {[%emt 0:06:59]} 23. Rb3 {[%emt 0:01:05]} Qg5 {[%emt 0:08:27]} 24. Bf3 {[%emt 0:00:30]} Be5 {[%emt 0:03:13]} 25. Rb6 {[%emt 0:01:13]} Rf7 {[%emt 0:03:54]} 26. Rh5 {[%emt 0:01:01]} Qg7 {[%emt 0:00:57]} 27. Kd1 {[%emt 0:03:21]} Bg4 {[%emt 0:04:43]} 28. Rh4 {[%emt 0:01:30]} Bxf3+ {[%emt 0:03:09]} 29. gxf3 {[%emt 0:00:01]} Kh7 {[%emt 0:00:24]} 30. Ke2 {[%emt 0:04:56]} Qf6 {[%emt 0:01:27]} 31. Rh1 {[%emt 0:01:42]} Rg8 {[%emt 0:03:15]} 32. Qc2 {[%emt 0:00:51]} Qg5 {[%emt 0:05:23]} 33. Qb3 {[%emt 0:00:13]} Qg2 {[%emt 0:02:12]} 34. Rf1 {[%emt 0:00:43]} Rg3 {[%emt 0:01:13]} 35. Nb1 {[%emt 0:00:41]} c4 {[%emt 0:00:04]} 36. Qa3 {[%emt 0:00:23]} c3 {[%emt 0:00:10]} 37. Nxc3 Qxf3+ 38. Ke1 {[%emt 0:00:57]} Bxc3+ {[%emt 0:00:33]} 39. bxc3 {[%emt 0:00:11]} Qxe4+ {[%emt 0:00:06]} 0-1

[Event "Silver Lake Open-A 2019"]
[Site "Veliko Gradiste"]
[Date "2019.06.20"]
[Round "6.4"]
[White "Abramovic, Bosko"]
[Black "Savic, Miodrag R"]
[Result "1/2-1/2"]
[WhiteElo "2353"]
[BlackElo "2503"]
[Annotator "TA"]
[PlyCount "92"]
[EventDate "2019.06.16"]
[EventType "swiss"]
[EventCountry "SRB"]
[SourceTitle "playchess.com"]
[Source "ChessBase"]
[SourceQuality "1"]

{[%evp 18,92,27,27,25,25,28,15,18,20,28,0,0,0,0,0,0,-17,-5,-17,-23,-44,-32,-65,-65,-98,-95,-101,-99,-102,-95,-120,-44,-44,-41,-36,-41,-48,-38,-42,-41,-46,-41,-46,-29,-28,-23,-71,-28,-25,-20,-108,-108,-150,-62,-62,-62,-59,-57,-62,-60,-60,-26,-35,-9,-9,-9,-9,-9,-9,-9,-11,-8,-8,-8,-8,-8]} 1. Nf3 Nf6 2. g3 d5 3. Bg2 c6 4. O-O Bg4 5. d4 Nbd7 6. Nbd2 e6 7. Re1 Be7 8. e4 dxe4 9. Nxe4 Nxe4 10. Rxe4 Bf5 {D02: 1 d4 d5 2 Nf3 sidelines, including 2...Nf6 3 g3 and 2...Nf6 3 Bf4} 11. Re1 O-O 12. c3 a5 13. Bf4 a4 14. Ne5 Nxe5 15. Bxe5 Qb6 {[#]} 16. Qe2 $146 ({Predecessor:} 16. b4 axb3 17. Qxb3 Qxb3 18. axb3 Rfc8 19. h4 {½-½ (21) Vaganian,R (2667)-Huebner,R (2625) Berlin 2003}) 16... Qa6 17. c4 Rad8 18. Red1 Rd7 19. g4 Bg6 20. Bf1 Rfd8 21. Qe3 Qb6 22. c5 Qb4 ({Reject} 22... Qxb2 $6 23. d5 $11) 23. a3 Qb3 24. Be2 Bf6 (24... f6 $17 25. Qxb3 axb3) 25. Bxf6 $1 $15 gxf6 26. Rd2 {[#]} e5 $1 {[%cal Rd7d4][%mdl 512]} 27. Rad1 (27. dxe5 Rxd2) 27... Bc2 28. Rc1 exd4 29. Qxb3 Bxb3 30. Bc4 Re8 31. Bxb3 axb3 $11 {[%mdl 4096] Endgame KRR-KRR} 32. Rd3 Re2 33. Rxb3 Rd2 34. Re1 (34. Kf1 $11 d3 35. Re1) 34... Rc2 $17 35. Rf3 Kg7 ({Don't take} 35... Rxb2 36. Rxf6 Rb5 37. Rd6 $15) (35... Rxc5 $17 36. Rd1 Kg7) 36. b4 $15 d3 {[#] Threatens to win with ...d2.} 37. Rd1 Rc3 $1 38. a4 Rd4 39. h3 Kg6 (39... f5 {keeps more tension.} 40. gxf5 Rxb4 41. Rdxd3 Rxd3 42. Rxd3 Rxa4 43. f3 Rf4) 40. b5 cxb5 (40... f5 {is more complex.} 41. gxf5+ Kg5 42. Kg2 Ra3 43. h4+ Kf6) 41. axb5 {The position is equal.} Rxc5 {...d2 is the strong threat.} 42. Rdxd3 Rxd3 43. Rxd3 Rxb5 {KR-KR} 44. Rd7 Rb1+ 45. Kg2 b5 46. Rb7 b4 {Accuracy: White = 47%, Black = 61%.} 1/2-1/2

[Event "Silver Lake Open-A 2019"]
[Site "Veliko Gradiste"]
[Date "2019.06.20"]
[Round "6.5"]
[White "Stankovic, Milos"]
[Black "Martic, Ivan"]
[Result "1-0"]
[WhiteElo "2462"]
[BlackElo "2401"]
[Annotator "RC"]
[PlyCount "77"]
[EventDate "2019.06.16"]
[EventType "swiss"]
[EventCountry "SRB"]
[SourceTitle "playchess.com"]
[Source "ChessBase"]
[SourceQuality "1"]
[TimeControl "40/5400+30:900+30"]

1. e4 {[%emt 0:00:00]} c5 {[%emt 0:00:00]} 2. Nf3 {[%emt 0:00:08]} e6 {[%emt 0:00:00]} 3. d4 {[%emt 0:00:33]} cxd4 {[%emt 0:00:00]} 4. Nxd4 {[%emt 0:00:19]} a6 {[%emt 0:00:13]} 5. Be2 {[%emt 0:02:32]} Nf6 {[%emt 0:01:40]} 6. Nc3 {[%emt 0:01:09]} d6 {[%emt 0:00:22]} 7. g4 {[%emt 0:05:39]} d5 {[%emt 0:22:47]} 8. exd5 {[%emt 0:02:55]} Nxd5 {[%emt 0:06:34]} 9. Nxd5 {[%emt 0:00:53]} Qxd5 {[%emt 0:04:29]} 10. Bf3 {[%emt 0:00:46]} Qc4 {[%emt 0:04:56]} 11. Be3 {[%emt 0:05:41]} Be7 {[%emt 0:00:55]} 12. Qe2 {[%emt 0:02:08]} Qb4+ {[%emt 0:04:20]} 13. c3 {[%emt 0:01:43]} Qa5 {[%emt 0:01:52]} 14. Qc4 {[%emt 0:10:41]} O-O {[%emt 0:01:33]} 15. Nb3 {[%emt 0:01:59]} Qe5 {[%emt 0:01:21]} 16. O-O-O {[%emt 0:01:37]} a5 {[%emt 0:05:33]} 17. h4 {[%emt 0:07:31]} Nd7 {[%emt 0:08:26]} 18. a4 {[%emt 0:12:18]} Qb8 {[%emt 0:05:26]} 19. Qb5 {[%emt 0:03:08]} Nf6 {[%emt 0:05:53]} 20. h5 {[%emt 0:04:09]} Nd5 {[%emt 0:05:12]} 21. Bxd5 {[%emt 0:01:03]} exd5 {[%emt 0:00:05]} 22. h6 {[%emt 0:00:19]} g6 {[%emt 0:01:06]} 23. Qxd5 {[%emt 0:02:46]} Be6 {[%emt 0:01:55]} 24. Qd4 {[%emt 0:00:50]} f6 {[%emt 0:00:10]} 25. Nc5 {[%emt 0:00:42]} Bxc5 {[%emt 0:01:17]} 26. Qxc5 {[%emt 0:02:24]} Qe8 {[%emt 0:01:25]} 27. Rd4 {[%emt 0:02:07]} Qf7 {[%emt 0:03:34]} 28. Rhd1 {[%emt 0:02:22]} Rfc8 {[%emt 0:02:49]} 29. Qb6 {[%emt 0:02:04]} Re8 {[%emt 0:01:16]} 30. Qb5 {[%emt 0:01:42]} g5 {[%emt 0:02:18]} 31. Rd6 {[%emt 0:03:33]} Bxg4 {[%emt 0:01:43]} 32. Rg1 {[%emt 0:00:55]} Bh5 {[%emt 0:01:10]} 33. Bd4 {[%emt 0:00:54]} Bg6 {[%emt 0:01:58]} 34. Rxf6 {[%emt 0:00:54]} Qa2 {[%emt 0:01:48]} 35. Rxg6+ {[%emt 0:00:35]} hxg6 {[%emt 0:00:06]} 36. h7+ {[%emt 0:00:14]} Kf7 {[%emt 0:00:28]} 37. Qxb7+ {[%emt 0:00:16]} Re7 {[%emt 0:01:12]} 38. Qf3+ {[%emt 0:00:15]} Ke6 {[%emt 0:00:49]} 39. Re1+ {[%emt 0:00:20] Kd5} 1-0

[Event "Silver Lake Open-A 2019"]
[Site "Veliko Gradiste"]
[Date "2019.06.20"]
[Round "6.6"]
[White "Dimitrov, Vladimir"]
[Black "Damljanovic, Branko"]
[Result "0-1"]
[WhiteElo "2309"]
[BlackElo "2468"]
[Annotator "ChessBase"]
[PlyCount "44"]
[EventDate "2019.06.16"]
[EventType "swiss"]
[EventCountry "SRB"]
[SourceTitle "playchess.com"]
[Source "ChessBase"]
[SourceQuality "1"]
[TimeControl "40/5400+30:900+30"]

1. d4 {[%emt 0:00:00]} Nf6 {[%emt 0:00:00]} 2. c4 {[%emt 0:00:00]} g6 {[%emt 0:00:00]} 3. Nc3 {[%emt 0:00:00]} Bg7 {[%emt 0:00:21]} 4. e4 {[%emt 0:00:05]} d6 {[%emt 0:00:03]} 5. h3 {[%emt 0:00:09]} O-O {[%emt 0:00:08]} 6. Be3 {[%emt 0:00:22]} c5 {[%emt 0:00:52]} 7. d5 {[%emt 0:00:09]} e6 {[%emt 0:02:26]} 8. Bd3 {[%emt 0:01:05]} Na6 {[%emt 0:00:17]} 9. Nf3 {[%emt 0:00:41]} exd5 {[%emt 0:02:54]} 10. exd5 {[%emt 0:00:12]} Nb4 {[%emt 0:00:05]} 11. Be2 {[%emt 0:00:14]} Bf5 {[%emt 0:00:30]} 12. Rc1 {[%emt 0:00:11]} Re8 {[%emt 0:11:18]} 13. a3 {[%emt 0:05:26]} Na6 {[%emt 0:02:09]} 14. g4 {[%emt 0:10:50]} Bd7 {[%emt 0:05:48]} 15. Bd3 {[%emt 0:24:27]} b5 {[%emt 0:10:36]} 16. cxb5 {[%emt 0:06:34]} Nc7 {[%emt 0:00:03]} 17. Bc4 {[%emt 0:00:13]} h5 {[%emt 0:00:40]} 18. gxh5 {[%emt 0:02:00]} Nxh5 {[%emt 0:01:33]} 19. a4 {[%emt 0:01:01]} Rb8 {[%emt 0:02:13]} 20. b3 {[%emt 0:02:18]} Ng3 {[%emt 0:02:48]} 21. fxg3 {[%emt 0:00:13]} Rxe3+ {[%emt 0:00:06]} 22. Kd2 {[%emt 0:00:06]} Bh6 {[%emt 0:00:09]} 0-1

[Event "Silver Lake Open-A 2019"]
[Site "Veliko Gradiste"]
[Date "2019.06.20"]
[Round "6.7"]
[White "Lajthajm, Borko"]
[Black "Volkov, Dmitry V"]
[Result "1-0"]
[WhiteElo "2433"]
[BlackElo "2206"]
[Annotator "NA RC"]
[PlyCount "79"]
[EventDate "2019.06.16"]
[EventType "swiss"]
[EventCountry "SRB"]
[SourceTitle "playchess.com"]
[Source "ChessBase"]
[SourceQuality "1"]
[TimeControl "40/5400+30:900+30"]

1. d4 Nf6 2. c4 e5 3. dxe5 Ng4 4. Nf3 Bc5 5. e3 Nc6 6. a3 a5 7. b3 O-O 8. h3 Ngxe5 9. Nc3 Re8 10. Bb2 Nxf3+ 11. Qxf3 Ne5 12. Qg3 Ra6 13. Ne4 Rg6 14. Qf4 Qe7 15. Nxc5 Qxc5 16. O-O-O Rf6 17. Qe4 Rfe6 18. Qd4 Qf8 19. Be2 a4 20. b4 b6 21. Qc3 Bb7 22. Rhg1 Kh8 23. Kb1 d6 24. Ka1 f6 25. Qc2 Ra8 26. Rd4 f5 27. Rd2 Be4 28. Qc3 Rg6 29. Rdd1 Bxg2 30. f4 Bf3 31. Rxg6 Bxe2 32. fxe5 hxg6 33. Rd2 Bh5 34. exd6 cxd6 35. Rxd6 Ra7 36. Qd4 Qe7 37. Qxb6 Kh7 38. Qd4 Rc7 39. c5 Bf3 40. b5 1-0

[Event "Silver Lake Open-A 2019"]
[Site "Veliko Gradiste"]
[Date "2019.06.20"]
[Round "6.8"]
[White "Krasteva, Beloslava"]
[Black "Dudukovic, Nikola"]
[Result "1/2-1/2"]
[WhiteElo "2259"]
[BlackElo "2397"]
[Annotator "RC"]
[PlyCount "107"]
[EventDate "2019.06.16"]
[EventType "swiss"]
[EventCountry "SRB"]
[SourceTitle "playchess.com"]
[Source "ChessBase"]
[SourceQuality "1"]
[TimeControl "40/5400+30:900+30"]

1. d4 {[%emt 0:00:00]} d5 {[%emt 0:00:00]} 2. c4 {[%emt 0:00:00]} e6 {[%emt 0:00:00]} 3. Nc3 {[%emt 0:00:01]} Nf6 {[%emt 0:00:02]} 4. cxd5 {[%emt 0:00:23]} exd5 {[%emt 0:00:06]} 5. Bg5 {[%emt 0:00:16]} Be7 {[%emt 0:00:31]} 6. e3 {[%emt 0:00:25]} O-O {[%emt 0:00:30]} 7. Bd3 {[%emt 0:00:59]} c6 {[%emt 0:00:53]} 8. Qc2 {[%emt 0:00:43]} h6 {[%emt 0:06:45]} 9. Bh4 {[%emt 0:01:01]} Re8 {[%emt 0:01:47]} 10. Nge2 {[%emt 0:02:01]} b6 {[%emt 0:01:25]} 11. O-O {[%emt 0:01:54]} Nbd7 {[%emt 0:05:51]} 12. Rfd1 {[%emt 0:07:42]} Bb7 {[%emt 0:02:53]} 13. a3 {[%emt 0:03:30]} a5 {[%emt 0:05:40]} 14. Rab1 {[%emt 0:05:31]} b5 {[%emt 0:06:03]} 15. f3 {[%emt 0:08:58]} Nb6 {[%emt 0:15:08]} 16. Bf2 {[%emt 0:12:13]} b4 {[%emt 0:13:17]} 17. Na2 {[%emt 0:04:17]} Nbd7 {[%emt 0:14:17]} 18. Nac1 {[%emt 0:07:01]} c5 {[%emt 0:00:47]} 19. dxc5 {[%emt 0:01:00]} Bxc5 {[%emt 0:00:09]} 20. Nd4 {[%emt 0:02:09]} Bxd4 {[%emt 0:02:04]} 21. exd4 {[%emt 0:00:12]} Ba6 {[%emt 0:00:03]} 22. Bxa6 {[%emt 0:03:32]} Rxa6 {[%emt 0:00:05]} 23. axb4 {[%emt 0:00:57]} axb4 {[%emt 0:00:05]} 24. Nd3 {[%emt 0:00:35]} Rb6 {[%emt 0:02:15]} 25. Qa4 {[%emt 0:02:49]} b3 {[%emt 0:03:21]} 26. Nc5 {[%emt 0:03:16]} Nf8 {[%emt 0:05:11]} 27. Rd3 {[%emt 0:04:28]} Nh5 {[%emt 0:00:51]} 28. Rxb3 {[%emt 0:01:36]} Rg6 {[%emt 0:00:56]} 29. Nd3 {[%emt 0:02:52]} Qg5 {[%emt 0:03:07]} 30. g3 {[%emt 0:02:00]} Rge6 {[%emt 0:01:20]} 31. Re1 {[%emt 0:03:08]} Qd2 {[%emt 0:02:46]} 32. Rxe6 {[%emt 0:05:31]} Rxe6 {[%emt 0:00:06]} 33. Rc3 {[%emt 0:03:55]} Ng6 {[%emt 0:02:31]} 34. Qc2 {[%emt 0:00:46]} Qg5 {[%emt 0:00:28]} 35. Rc8+ {[%emt 0:00:24]} Kh7 {[%emt 0:00:16]} 36. Ne5 {[%emt 0:00:44]} f5 {[%emt 0:02:33]} 37. Nxg6 {[%emt 0:02:03]} Qxg6 {[%emt 0:00:47]} 38. Qd2 {[%emt 0:02:24]} Nf6 {[%emt 0:01:18]} 39. b4 {[%emt 0:01:21]} Rb6 {[%emt 0:00:20]} 40. Rc5 {[%emt 0:00:00]} f4 {[%emt 0:00:00]} 41. Kg2 {[%emt 0:04:34]} fxg3 {[%emt 0:00:54]} 42. hxg3 {[%emt 0:00:17]} Qb1 {[%emt 0:03:40]} 43. Be1 {[%emt 0:01:39]} Re6 {[%emt 0:00:19]} 44. Rc1 {[%emt 0:03:25]} Qf5 {[%emt 0:01:44]} 45. Bf2 {[%emt 0:00:24]} Rb6 {[%emt 0:00:15]} 46. Be1 {[%emt 0:02:46]} Re6 {[%emt 0:00:26]} 47. b5 {[%emt 0:02:55]} Rb6 {[%emt 0:00:54]} 48. Qb2 {[%emt 0:00:33]} Qd3 {[%emt 0:00:16]} 49. Qb1 {[%emt 0:00:18]} Qxb1 {[%emt 0:00:20]} 50. Rxb1 {[%emt 0:00:03]} Ne8 {[%emt 0:02:16]} 51. Ba5 {[%emt 0:00:46]} Rb7 {[%emt 0:00:15]} 52. b6 {[%emt 0:01:20]} Nd6 {[%emt 0:00:07]} 53. Kf2 {[%emt 0:02:29]} Kg6 {[%emt 0:00:40]} 54. Ke2 {[%emt 0:03:54]} 1/2-1/2